000 00880nas a2200301 4500
001 BR2015006961
003 BR-BrBNA
005 20231205130012.0
007 ta
008 230509b bl.|||p| |||| 00| 00por d
040 _aBR-BrBNA
_bpor
_cBiblioteca Nacional de Agricultura
041 _a(En)
072 _aL70
100 1 _aYugandhar, B.
100 1 _aMurthy, K.R.K.
100 1 _aSattar, S.A.
245 1 _aInsulin administration in severe scorpion envenoming
650 _aESCORPIAO
650 _aVENENO
650 _aTOXINA
650 _aNEUTRALIZACAO
650 _aTRATAMENTO
650 _aANALISE
773 0 _tJournal of Venomous Animals and Toxins (Brazil)
_xISSN 1678-4936
_g(1999), v. 5(2) p. 200-219
_wBR2015006961
856 4 0 _uhttp://dx.doi.org/10.1590/S0104-79301999000200007
909 _a202311
_bLúcia
_c55
_dLúcia Elande
942 _2AGRIS
_n0
_cANA
999 _c247380
_d247380